Language, culture, and society : an introduction to linguistic anthropology /

"For five previous editions, professors have turned to Language, Culture, and Society for its comprehensive coverage of all critical aspects of linguistic anthropology, as well as for its reputation as a pedagogically sound, student-friendly text. Zdenek Salzmann and coauthors James Stanlaw and...

Full description

Bibliographic Details
Main Authors: Salzmann, Zdeněk (Author), Stanlaw, James (Author), Adachi, Nobuko (Author)
Corporate Author: Ebook Library
Format: eBook
Language:English
Published: Boulder, CO : Westview Press, [2015]
Edition:Sixth edition.
Subjects:
Online Access:Connect to the full text of this electronic book

MARC

Tag First Indicator Second Indicator Subfields
LEADER 00000cam a2200000Li 4500
001 in00003536113
006 m o d
007 cr |n|||||||||
008 140819s2015 coua ob 001 0 eng d
005 20250816205631.6
020 |a 0813349559  |q (electronic bk.) 
020 |a 9780813349558  |q (electronic bk.) 
020 |z 9780813349541  |q (paperback) 
020 |z 0813349540  |q (paperback) 
035 |a (OCoLC)ocn887972152 
035 |a (OCoLC)887972152 
040 |a YDXCP  |b eng  |e rda  |c YDXCP  |d OCLCQ  |d OCLCF  |d TXA 
049 |a TXAM 
050 4 |a P35  |b .S18 2015eb 
082 0 4 |a 306.44  |2 23 
084 |a SOC000000  |a SOC002000  |a SOC002010  |2 bisacsh 
100 1 |a Salzmann, Zdeněk,  |e author. 
245 1 0 |a Language, culture, and society :  |b an introduction to linguistic anthropology /  |c Zdenek Salzmann, James Stanlaw, Nobuko Adachi. 
250 |a Sixth edition. 
264 1 |a Boulder, CO :  |b Westview Press,  |c [2015] 
300 |a 1 online resource (xiii, 498 pages) :  |b illustrations 
336 |a text  |b txt  |2 rdacontent 
337 |a computer  |b c  |2 rdamedia 
338 |a online resource  |b cr  |2 rdacarrier 
504 |a Includes bibliographical references and index. 
505 8 |a Machine generated contents note: Chapter 1. Introducing Linguistic Anthropology -- Chapter 2. Methods of Linguistic Anthropology -- Chapter 3. "Nuts and Bolts" Linguistic Anthropology I: Language is Sound -- Chapter 4. "Nuts and Bolts" Linguistic Anthropology II: Structure of Words and Sentences -- Chapter 5. Communicating Nonverbally -- Chapter 6. The Development and Evolution of Language: Language Birth, Language Growth, and Language Death -- Chapter 7. Acquiring Language(s): Life with First Languages, Second Languages, and More -- Chapter 8. Language through Time -- Chapter 9. Languages in Variation and Languages in Contact -- Chapter 10. Ethnography of Communication -- Chapter 11. Culture as Cognition, Culture as Categorization: Meaning and Language in the Conceptual World -- Chapter 12. Language, Culture, and Thought -- Chapter 13. Language, Identity, and Ideology I: Variations in Gender -- Chapter 14. Language, Identity, and Ideology II: Variations in Class, Race, Ethnicity, and Nationality -- Chapter 15. Linguistic Anthropology in the Globalized World -- Glossary -- Bibliography -- Languages Mentioned in the Text and Their Locations (map) -- Index. 
520 |a "For five previous editions, professors have turned to Language, Culture, and Society for its comprehensive coverage of all critical aspects of linguistic anthropology, as well as for its reputation as a pedagogically sound, student-friendly text. Zdenek Salzmann and coauthors James Stanlaw and Nobuko Adachi have revised this classic text with extensive updates and expanded discussions of contemporary issues in the field. This sixth edition continues to be the essential teaching text for the introductory linguistic anthropology course. The sixth edition of Language, Culture, and Society features A greatly expanded discussion of the sociocultural context of language, including gender, race/ethnicity, class, and power dynamics, including a brand-new chapter on gender and a thoroughly revised and broadened chapter on race, ethnicity, and class. An updated chapter-by-chapter resource manual and study guide for students and instructors, including key terms, questions for discussion, group and individual projects, objective study questions and problems (with answers), and suggestions for further reading. More exercises on phonetics and syntax, reflecting contemporary research. Sidebars and boxes throughout the book to provide ethnographic detail, enhance student comprehension of context, and illustrate the practical experience of conducting linguistic research. A global perspective and a focus on transnational and multilingual anthropology Expanded sections on written languages and theoretical and historical perspectives of Linguistic Anthropology. End-of-chapter summary and conclusion sections and a glossary for easy review, as well as an updated bibliography for further research."--  |c Provided by publisher. 
588 0 |a Print version record. 
650 0 |a Anthropological linguistics. 
650 7 |a Anthropological linguistics.  |2 fast  |0 (OCoLC)fst00810178 
655 7 |a Electronic books.  |2 local 
700 1 |a Stanlaw, James,  |e author. 
700 1 |a Adachi, Nobuko,  |e author. 
710 2 |a Ebook Library. 
776 0 8 |c Original  |z 9780813349541  |z 0813349540  |w (DLC) 2014008377 
856 4 0 |u https://ebookcentral.proquest.com/lib/tamucs/detail.action?docID=1652846  |y Connect to the full text of this electronic book  |t 0 
948 |a cataloged  |b h  |c 2015/6/22  |d c  |e jlanham  |f 2:34:35 pm 
994 |a C0  |b TXA 
999 f f |s 888dc012-88b7-378f-8510-4ae5a35f96f1  |i 166bb230-d2ab-30b6-9925-9debc541e655  |t 0 
952 f f |a Texas A&M University  |b College Station  |c Electronic Resources  |d Available Online  |t 0  |e P35 .S18 2015eb  |h Library of Congress classification 
998 f f |a P35 .S18 2015eb  |t 0  |l Available Online